|
|
|
|
| LEADER |
00000naa2a2200000 4500 |
| 001 |
95937 |
| 005 |
20231031110326.0 |
| 035 |
|
|
|a (RuTPU)RU\TPU\book\102703
|
| 090 |
|
|
|a 95937
|
| 100 |
|
|
|a 20060505d1989 k y0rusy50 ca
|
| 101 |
0 |
|
|a rus
|
| 102 |
|
|
|a RU
|
| 200 |
1 |
|
|a О возможности стабилизации зольности угля на тепловых электростанциях
|f А. Н. Мерзляков
|
| 320 |
|
|
|a Библиогр.: 9 назв.
|
| 463 |
|
0 |
|0 (RuTPU)RU\TPU\book\102191
|t Теплофизика и гидродинамика технологических процессов
|o межвузовский научно-технический сборник
|f Томский политехнический институт; под ред. М. И. Шиляева
|v С. 115-119.
|d 1989
|p 164 с.
|
| 610 |
1 |
|
|a тепловые электростанции
|
| 610 |
1 |
|
|a зольность
|
| 610 |
1 |
|
|a стабилизация
|
| 610 |
1 |
|
|a уголь
|
| 610 |
1 |
|
|a сжигание
|
| 610 |
1 |
|
|a труды учёных ТПУ
|
| 675 |
|
|
|a 662.8:622.271
|v 3
|
| 700 |
|
1 |
|a Мерзляков
|b А. Н.
|g Александр Николаевич
|
| 801 |
|
1 |
|a RU
|b 63413507
|c 20060505
|g PSBO
|
| 801 |
|
2 |
|a RU
|b 63413507
|c 20090430
|g PSBO
|
| 942 |
|
|
|c BK
|